| 000 | 00387nam a2200145Ia 4500 | ||
|---|---|---|---|
| 008 | 100415s9999 xx 000 0 und d | ||
| 082 |
_b13219 _a574.52636 |
||
| 100 | _aNeal Philip | ||
| 245 | _aOceans : Conservation 2000 | ||
| 260 |
_c1993 _bB.T. BATSFORD LTD. |
||
| 365 | _b1117.14 | ||
| 630 | _aOceans : Conservation 2000 | ||
| 730 | _aOceans : Conservation 2000 | ||
| 942 | _cBOOK | ||
| 999 |
_c596135 _d596132 |
||